000
00302nam a22001337a 4500
008
170904b xxu||||| |||| 00| 0 eng d
020
_a
9780312452070
041
_a
eng
080
_a
070
100
_a
40
101
_a
MED
245
_a
A GUUIDE TO PUBLIC SPEAKING
_c
O HAIR .D
942
_2
udc
_c
BK
999
_c
26040
_d
26040